000 00523nam a22001932 4500
001 0000003223
005 20151217151919.0
008 070502s xx 000 0 eng d
040 _aKABU
_cKABU
050 0 _aCS71
_b.D72B69
100 1 _aBowen, Catherine Drinker.
_@0000152955
245 1 0 _aFamily portrait.
260 _aBoston :
_bLittle, Brown,
_c1970.
300 _axvi, 301 p.
650 0 _aDrinker family.
_@0000152956
908 _a070502
950 _@1
999 _c6288
_d6288